000 00260nam a2200121Ia 4500
008 190216s9999||||xx |||||||||||||| ||und||
100 _aLeon Uris
245 0 _aExodus
260 _bCorgi Books
_c1976
300 _a598
650 _aEnglish Novel
942 _cBK
999 _c12766
_d12766